[Event "Challenge"]
[Site "http://www.queenalice.com/game.php?id=36248"]
[Date "2005.11.3"]
[Round "-"]
[White "Adriano_Pereira"]
[Black "franckscarduelli"]
[Result "1-0"]
[WhiteElo "1464"]
[BlackElo "1434"]

1. e4 e5 2. Qf3 f6 3. Nc3 c6 4. b3 Bb4 5. Nb1 d6 6. c3 Ba5 7. Ba3 h5 8. Qd3 Bc7
9. Nf3 b5 10. c4 Ba6 11. Nc3 bxc4 12. bxc4 c5 13. Rb1 Nc6 14. Qd5 Nce7 15. Qe6
Bc8 16. Qd5 Nxd5 17. exd5 Bf5 18. Rb7 Ba5 19. Rxg7 Nh6 20. Nb5 e4 21. Nh4 Bd7
22. Ng6 Rg8 23. Nxd6# 1-0

[Event "JÃ¡ aprendeu a jogar??"]
[Site "http://www.queenalice.com/game.php?id=39965"]
[Date "2005.11.26"]
[Round "-"]
[White "Wendt"]
[Black "Adriano_Pereira"]
[Result "0-1"]
[WhiteElo "1151"]
[BlackElo "1479"]

1. e4 e5 2. Qh5 Nf6 3. Qxe5+ Qe7 4. Qxe7+ Bxe7 5. f3 Bc5 6. Ne2 d6 7. c3 g5 8.
b4 Bb6 9. h4 gxh4 10. Rxh4 h5 11. Nf4 c5 12. Bb5+ Nc6 13. c4 cxb4 14. Bb2 Rh6
15. g4 a6 16. gxh5 axb5 17. cxb5 Ne5 18. Ke2 Ra5 19. Rh3 Rxb5 20. Rg3 Nxh5 21.
Rg8+ Kd7 22. Nxh5 Rxh5 23. d3 Rh2+ 24. Kd1 Rxb2 25. Kc1 Nxd3+ 26. Kd1 Rh5 27.
Rg1 Bxg1 0-1

[Event "Tirando a Ferrugem"]
[Site "http://www.queenalice.com/game.php?id=53473"]
[Date "2006.2.17"]
[Round "-"]
[White "Adriano_Pereira"]
[Black "SandroChaves"]
[Result "1-0"]
[WhiteElo "1472"]
[BlackElo "1489"]

1. e4 a6 2. Qf3 e5 3. Bc4 Nh6 4. d4 Nc6 5. Bxh6 Qf6 6. Qxf6 gxf6 7. Be3 exd4 8.
Bf4 d6 9. Na3 f5 10. exf5 Bxf5 11. O-O-O O-O-O 12. Bxf7 Nb4 13. Rxd4 d5 14. Be5
Bh6+ 15. f4 Rhf8 16. Rxb4 Rxf7 17. Nf3 c5 18. Rb6 Re8 19. Rxh6 Rd7 20. Nh4 Be4
21. Re1 Kd8 22. Nc4 Bg6 23. Nxg6 hxg6 24. Bf6+ Kc7 25. Rxe8 dxc4 26. Rxg6 Rh7
27. Be5+ Kd7 28. Reg8 Rxh2 29. R8g7+ Ke8 30. Re6+ Kd8 31. Bf6+ Kc8 32. Re8# 1-0

[Event "Rumo ao empate..."]
[Site "http://www.queenalice.com/game.php?id=58209"]
[Date "2006.3.19"]
[Round "-"]
[White "Adriano_Pereira"]
[Black "SandroChaves"]
[Result "0-1"]
[WhiteElo "1489"]
[BlackElo "1484"]

1. e4 d6 2. d4 d5 3. exd5 Qxd5 4. Nc3 Qa5 5. d5 g6 6. Qd4 Nf6 7. b4 Qb6 8. Qxb6
axb6 9. Nb5 Nxd5 10. c4 c6 11. Nd4 Nxb4 12. Bb2 Bg7 13. O-O-O Bh6+ 14. Kb1 c5
15. Nb5 O-O 16. Nc7 Ra7 17. a3 Bf5+ 18. Ka1 N4c6 19. f3 Rc8 20. Nb5 Ra5 21. g4
Be6 22. h4 Bg7 23. Bxg7 Kxg7 24. Nh3 Ne5 25. Be2 Bxc4 26. Bxc4 Nxc4 27. Rd3 Rxb5
28. Re1 Nc6 29. Ng5 Ra8 30. Ka2 Rb2+ 31. Ka1 Nb4 32. Rc3 Nc2+ 33. Rxc2 Rxa3# 0-1

[Event "Empate além do alcance.."]
[Site "http://www.queenalice.com/game.php?id=61015"]
[Date "2006.4.3"]
[Round "-"]
[White "SandroChaves"]
[Black "Adriano_Pereira"]
[Result "1-0"]
[WhiteElo "1495"]
[BlackElo "1473"]

1. Nf3 d5 2. e3 c5 3. c3 Bf5 4. Qa4+ Bd7 5. Qf4 g6 6. Ne5 f6 7. Nd3 b6 8. Qh4 e5
9. f4 exf4 10. Nxf4 g5 11. Qh5+ Ke7 12. Ng6+ hxg6 13. Qxh8 Nh6 14. Qh7+ Ke8 15.
Qxg6+ Nf7 16. Be2 f5 17. Bf3 Bc8 18. O-O g4 19. Bxg4 Qg5 20. Qxg5 Nxg5 21. Bh5+
Nf7 22. Bf3 Bb7 23. g4 Ne5 24. Be2 fxg4 25. Rf4 Bh6 26. Rf2 Nbd7 27. d4 cxd4 28.
cxd4 Nc4 29. Bd3 Nxe3 30. Re2 Rc8 31. Bxe3 Bxe3+ 32. Rxe3+ Kf7 33. Nc3 Rh8 34.
Rf1+ Nf6 35. Nb5 Rd8 36. Bf5 Ba6 37. a4 Rg8 38. Nd6+ Kg7 39. Rf2 Rd8 40. Nb5 Kh6
41. h3 gxh3 42. Rxh3+ Kg7 43. Bd3 Bc8 44. Rhf3 Rf8 45. Rc2 a6 46. Rc7+ Nd7 47.
Rg3+ Kf6 48. Na7 b5 49. Nxc8 Ke6 50. Rg6+ Kf7 51. Rd6 bxa4 52. Rcxd7+ Ke8 53.
Re7# 1-0

[Event "O Retorno.. huahuahua"]
[Site "http://www.queenalice.com/game.php?id=128496"]
[Date "2006.11.12"]
[Round "-"]
[White "rew"]
[Black "Adriano_Pereira"]
[Result "0-1"]
[WhiteElo "822"]
[BlackElo "1466"]

1. e4 e5 2. d3 Qf6 3. Qg4 Bc5 4. Be3 h5 5. Qf3 Bd4 6. c3 Bb6 7. Qxf6 gxf6 8.
Bxb6 axb6 9. Be2 Nc6 10. g4 hxg4 11. Bxg4 Rh4 12. Bf5 Rf4 13. Bh7 Nh6 14. a4 Ng4
15. Nh3 Rf3 16. Kf1 Rxh3 17. Kg1 Rxd3 18. h3 Rd1+ 19. Kg2 Rxh1 20. Kxh1 Nxf2+
21. Kh2 d6 22. Nd2 Bxh3 23. b3 b5 24. Bf5 Bxf5 25. exf5 bxa4 26. bxa4 Ng4+ 27.
Kg2 Nh6 28. Rb1 b6 29. Ra1 Nxf5 30. Ne4 Ke7 31. c4 Ne3+ 32. Kf3 Nxc4 33. Kg4 Nb2
34. Rc1 Rxa4 35. Rxc6 Rxe4+ 36. Kf5 Rf4# 0-1

[Event "Challenge"]
[Site "http://www.queenalice.com/game.php?id=128837"]
[Date "2006.11.13"]
[Round "-"]
[White "IsraelRibeiro"]
[Black "Adriano_Pereira"]
[Result "0-1"]
[WhiteElo "1252"]
[BlackElo "1458"]

1. e3 e5 2. g3 d5 3. Nh3 g5 4. Ng1 h5 5. f4 Bg4 6. Nf3 e4 7. Be2 exf3 8. Bxf3
Qd7 9. h3 Bxh3 10. Bxh5 Nf6 11. Be2 Ne4 12. fxg5 Nxg3 13. Rh2 Nxe2 14. Qxe2 Bg4
15. Qg2 Rh3 16. Rxh3 Bxh3 17. Qf3 Qf5 18. Qxf5 Bxf5 19. Nc3 Bxc2 20. Nxd5 Kd7
21. b4 Bg7 22. d4 Nc6 23. Ba3 Re8 24. Rc1 Be4 25. Rc5 Bxd4 26. exd4 Bxd5+ 27.
Kd2 Bxa2 28. b5 Nxd4 29. Rd5+ Bxd5 30. Kd3 Nxb5 31. Bc5 a5 32. Kc2 a4 33. Kb2
Re2+ 34. Ka1 Nc3 35. Ba3 Ra2# 0-1

[Event "Abraão x Coqueiros"]
[Site "http://www.queenalice.com/game.php?id=151813"]
[Date "2007.1.9"]
[Round "-"]
[White "Adriano_Pereira"]
[Black "SandroChaves"]
[Result "1-0"]
[WhiteElo "1468"]
[BlackElo "1570"]

1. e4 e5 2. Qh5 Nc6 3. Bc4 g6 4. Qf3 Nh6 5. d3 Nd4 6. Qd1 Qf6 7. c3 Nc6 8. b4 a6
9. Qf3 Qe7 10. b5 axb5 11. Bxb5 Qc5 12. a4 Nd4 13. Na3 Qxc3+ 14. Kd1 Qxa1 15.
Qf6 Rg8 16. Qxe5+ Kd8 17. Nf3 Bxa3 18. Kd2 Bxc1+ 19. Rxc1 Nb3+ 20. Kc2 Qxc1+ 21.
Kxb3 c6 22. Qg5+ Kc7 23. Qxc1 Ng4 24. Qf4+ Kb6 25. Qxg4 d5 26. Qf4 dxe4 27. dxe4
cxb5 28. Qd6+ Ka7 29. axb5 Be6+ 30. Kb4 Rad8 31. Qc5+ Ka8 32. Ng5 Rc8 33. Qe3
Ba2 34. Qa3+ Kb8 35. Qxa2 Rgd8 36. b6 Rc6 37. Qa7+ Kc8 38. Qa8+ Kd7 39. Qxb7+
Rc7 40. Qxc7+ Ke8 41. Qxf7# 1-0

[Event "E a saga continua...."]
[Site "http://www.queenalice.com/game.php?id=169441"]
[Date "2007.2.16"]
[Round "-"]
[White "Adriano_Pereira"]
[Black "SandroChaves"]
[Result "0-1"]
[WhiteElo "1492"]
[BlackElo "1550"]

1. e4 e5 2. Qh5 Nc6 3. Bc4 g6 4. Qf3 Nh6 5. c3 Na5 6. d3 Bc5 7. Bxh6 Nxc4 8.
dxc4 g5 9. Bg7 g4 10. Qxg4 Rg8 11. Qf5 Rxg7 12. Qxe5+ Qe7 13. Qxg7 Qxe4+ 14. Ne2
Qc2 15. Qe5+ Be7 16. Qb5 a5 17. Nd4 Qc1+ 18. Ke2 Qxh1 19. Qe5 d6 20. Qh8+ Bf8
21. Qxh7 Qxg2 22. Na3 Bg4+ 23. Ke3 O-O-O 24. Qxf7 Bh6+ 25. f4 Rf8 26. Qh7 Bxf4+
27. Kd3 Qd2+ 28. Ke4 Qe3+ 29. Kd5 Qe5# 0-1

[Event "Santa Catarina x Pará"]
[Site "http://www.queenalice.com/game.php?id=169443"]
[Date "2007.2.16"]
[Round "-"]
[White "Adriano_Pereira"]
[Black "rew"]
[Result "1-0"]
[WhiteElo "1490"]
[BlackElo "822"]

1. e4 e5 2. Qh5 Qe7 3. Nc3 Nf6 4. Qf3 d6 5. b3 Bg4 6. Qe3 Nc6 7. h3 Bh5 8. g4
Bg6 9. h4 Nxg4 10. h5 Nxe3 11. dxe3 Bxe4 12. Nxe4 Nb4 13. Kd2 Qe6 14. Bc4 Qd7
15. Ng5 d5 16. Be2 Qc6 17. c3 f6 18. a4 fxg5 19. Bb5 a5 20. cxb4 axb4 21. Bxc6+
bxc6 22. Nf3 g4 23. Nxe5 Ra6 24. Nxg4 Bd6 25. Bb2 Kf8 26. h6 gxh6 27. Bxh8 Ra5
28. Nxh6 Ra8 29. Rhg1 Ke7 30. Rg7+ Ke6 31. Rxh7 Bc5 32. Rc1 Kd6 33. Nf5+ Ke6 34.
Rxc5 Kxf5 35. Rxc6 Rc8 36. Rh5+ Kg4 37. Rch6 Rf8 38. Rh4+ Kf3 39. Bg7 Rg8 40.
Rf6+ Kg2 41. Rg4+ Kh3 42. Rg5 Kh2 43. Rh6# 1-0

[Event "Tender x Tender"]
[Site "http://www.queenalice.com/game.php?id=169444"]
[Date "2007.2.16"]
[Round "-"]
[White "Adriano_Pereira"]
[Black "warmling"]
[Result "0-1"]
[WhiteElo "1480"]
[BlackElo "1423"]

1. e4 e5 2. Qh5 Qe7 3. Nc3 Nf6 4. Qf3 c5 5. Nb5 Na6 6. Qd3 Qe6 7. b3 d6 8. Nf3
Bd7 9. Ng5 Qg4 10. Nxd6+ Bxd6 11. h4 Be7 12. f3 Qf4 13. Qc4 Nh5 14. d4 Qg3+ 15.
Ke2 f6 16. Qf7+ Kd8 17. Nh3 Nf4+ 18. Nxf4 exf4 19. Rh3 Qg6 20. Qd5 Nc7 21. Qxb7
Bxh3 22. gxh3 cxd4 23. Bxf4 Rc8 24. Bxc7+ Rxc7 25. Qd5+ Ke8 26. Qa8+ Bd8 27. Rd1
Rxc2+ 28. Kd3 Rxa2 29. Kxd4 Qg3 30. Bb5+ Ke7 31. Qb7+ Qc7 32. Qxc7+ Bxc7 33. Kc3
Be5+ 34. Kc4 Rc8+ 35. Kb4 Bd6+ 36. Rxd6 Kxd6 37. f4 Rc5 38. e5+ fxe5 39. fxe5+
Rxe5 40. Bd3 Rh5 41. Bb1 a5+ 0-1

[Event "Desafio II"]
[Site "http://www.queenalice.com/game.php?id=178198"]
[Date "2007.3.7"]
[Round "-"]
[White "Adriano_Pereira"]
[Black "ZZZZ"]
[Result "1-0"]
[WhiteElo "1478"]
[BlackElo "985"]

1. e4 e5 2. Nf3 d6 3. d4 Nc6 4. d5 Nce7 5. Bb5+ Bd7 6. a4 a6 7. Bxd7+ Qxd7 8. c4
Qg4 9. O-O Qxe4 10. Na3 Nf6 11. Ng5 Qg6 12. Re1 h6 13. Nf3 e4 14. Nh4 Qg4 15.
Qxg4 Nxg4 16. Rxe4 h5 17. h3 Nf6 18. Re3 c6 19. dxc6 bxc6 20. Rd3 Ne4 21. f3 Nc5
22. Rxd6 Nxa4 23. Bf4 Nxb2 24. Re1 Ra7 25. Rxc6 Rd7 26. Rxa6 f6 27. Ng6 Nd3 28.
Re3 Nxf4 29. Nxh8 Rd1+ 30. Kh2 Rd8 31. Re4 g5 32. Rxf6 Bg7 33. Rf7 Bxh8 34.
Rexe7# 1-0

[Event "Desafio III"]
[Site "http://www.queenalice.com/game.php?id=182735"]
[Date "2007.3.15"]
[Round "-"]
[White "Adriano_Pereira"]
[Black "ZZZZ"]
[Result "0-1"]
[WhiteElo "1462"]
[BlackElo "1125"]

1. e4 e5 2. Qf3 Nf6 3. Nc3 Bc5 4. Qg3 O-O 5. Qxe5 d6 6. Qg3 Nh5 7. Qd3 Qf6 8. f3
Qh4+ 9. g3 Nxg3 10. hxg3 Qxh1 11. Nh3 Qh2 12. f4 Bxh3 13. Bxh3 Qxh3 14. Qd5
Qxg3+ 15. Ke2 Qf2+ 16. Kd3 Qxf4 17. Qxb7 Nd7 18. Qxc7 Ne5+ 19. Ke2 Qf2+ 0-1

[Event "Revanche"]
[Site "http://www.queenalice.com/game.php?id=182737"]
[Date "2007.3.15"]
[Round "-"]
[White "Adriano_Pereira"]
[Black "warmling"]
[Result "0-1"]
[WhiteElo "1457"]
[BlackElo "1441"]

1. e4 e5 2. Nf3 d6 3. Nc3 Nc6 4. Nd5 Be6 5. d3 f5 6. Bg5 Be7 7. c4 fxe4 8. dxe4
Nd4 9. h4 h6 10. Be3 c6 11. Nb4 a5 12. Nd3 Bxc4 13. b3 Bb5 14. Nxd4 exd4 15.
Bxd4 Bf6 16. Bxf6 Qxf6 17. Qh5+ g6 18. Qd1 a4 19. e5 dxe5 20. Nc5 b6 21. Qd7+
Kf8 22. Ne4 Qe7 23. Qd1 Qb4+ 24. Qd2 Qxe4+ 25. Qe3 Nf6 26. O-O-O axb3 27. axb3
Ra1+ 28. Kd2 Qd5+ 29. Bd3 Ra3 30. Ke2 Rxb3 31. Bxb5 Rxe3+ 32. fxe3 Qxb5+ 0-1

[Event "Challenge"]
[Site "http://www.queenalice.com/game.php?id=185531"]
[Date "2007.3.21"]
[Round "-"]
[White "Adriano_Pereira"]
[Black "spawnwolfwolverine"]
[Result "0-1"]
[WhiteElo "1462"]
[BlackElo "1735"]

1. e4 e6 2. Nc3 d6 3. Bb5+ Bd7 4. Nh3 Bxb5 5. Nxb5 c6 6. Nc3 Be7 7. Qf3 Nf6 8.
Qg3 O-O 9. d3 g6 10. Ng5 Nh5 11. Qg4 f5 12. exf5 exf5 13. Qc4+ d5 14. Qf4 Nxf4
0-1

[Event "Guerra dos Tenders"]
[Site "http://www.queenalice.com/game.php?id=188879"]
[Date "2007.3.28"]
[Round "-"]
[White "Adriano_Pereira"]
[Black "warmling"]
[Result "0-1"]
[WhiteElo "1455"]
[BlackElo "1483"]

1. e4 e5 2. Qh5 Qf6 3. Nf3 g6 4. Qxe5+ Qxe5 5. Nxe5 Bd6 6. Nf3 h5 7. b3 Nf6 8.
Bb2 Be7 9. e5 Ne4 10. e6 Rh7 11. exf7+ Rxf7 12. Bc4 Rg7 13. Bxg7 d6 14. Bd5 Ng5
15. O-O c6 16. Be4 Nxe4 17. Re1 d5 18. d3 Ng5 19. Nxg5 Kd8 20. Nf7+ Ke8 21. Nd6+
Kd7 22. Nxc8 Bd8 23. Nxa7 Rxa7 24. Bd4 Ra5 25. Nc3 Na6 26. b4 Nxb4 27. Rab1 Nxc2
28. Be5 Nxe1 29. Rxe1 Ra3 30. Rb1 Ba5 31. Rxb7+ Kc8 32. Rb8+ Kd7 33. Rb7+ Ke6
34. Nb1 Rxd3 35. Bg7 Rd1# 0-1

[Event "Challenge"]
[Site "http://www.queenalice.com/game.php?id=191191"]
[Date "2007.4.3"]
[Round "-"]
[White "ZZZZ"]
[Black "Adriano_Pereira"]
[Result "0-1"]
[WhiteElo "1364"]
[BlackElo "1454"]

1. e4 e5 2. Qh5 Nf6 3. Qxe5+ Be7 4. d3 d6 5. Qg5 g6 6. Qd2 c5 7. Be2 Nc6 8. c3
b6 9. Nf3 Ba6 10. O-O Qc7 11. a3 Ng4 12. Qf4 h5 13. h3 Nge5 14. c4 Nd4 15. Nxd4
cxd4 16. b3 g5 17. Qf5 Bc8 18. Qxe5 dxe5 19. Bd1 b5 20. Nd2 f5 21. Bf3 g4 22.
hxg4 fxg4 23. Bd1 bxc4 24. Nxc4 O-O 25. Bh6 Rf6 26. Bg5 Rg6 27. Bh4 Bxh4 28. g3
Bg5 29. Kg2 Qf7 30. Nxe5 Qf6 31. Nxg6 Qxg6 32. b4 Qa6 33. Be2 Bb7 34. f3 gxf3+
35. Kxf3 Rf8+ 36. Kg2 Bxe4+ 37. Rf3 Bxf3+ 38. Bxf3 Qxd3 39. Bxh5 Qe4+ 40. Kg1
Be3+ 41. Kh2 Rf2+ 42. Kg1 Qg2# 0-1

[Event "Pra arrebentar..."]
[Site "http://www.queenalice.com/game.php?id=191648"]
[Date "2007.4.4"]
[Round "-"]
[White "IsraelRibeiro"]
[Black "Adriano_Pereira"]
[Result "0-1"]
[WhiteElo "1390"]
[BlackElo "1440"]

1. e4 e5 2. c3 Qh4 3. Bc4 Qxe4+ 4. Qe2 Qxg2 5. Qf3 Qxf3 6. Nxf3 e4 7. Ne5 b6 8.
Nxf7 b5 9. Bd5 Nf6 10. Bxe4 Nxe4 11. Nxh8 Bb7 12. O-O g6 13. d3 Nd6 14. Re1+ Kd8
15. Bg5+ Kc8 16. Bf4 Bg7 17. Re7 Bxh8 18. Bg5 c5 19. Bf4 Kc7 20. Rxh7 Nc6 21. b4
cxb4 22. cxb4 Bxa1 23. Rh6 Re8 24. Rxg6 Na5 25. Bxd6+ Kd8 26. bxa5 Re1# 0-1

[Event "EX-PROSULIANOS"]
[Site "http://www.queenalice.com/game.php?id=455136"]
[Date "2008.8.28"]
[Round "-"]
[White "Adriano_Pereira"]
[Black "ronisj"]
[Result "0-1"]
[WhiteElo "1481"]
[BlackElo "1369"]

1. e4 e5 2. d3 a5 3. Qh5 Nc6 4. Bg5 Nf6 5. Qf3 h6 6. Be3 Nb4 7. Na3 d6 8. c3 Bg4
9. Qg3 Nc6 10. h3 Bh5 11. f4 Ra6 12. Nb5 b6 13. fxe5 dxe5 14. d4 Nxe4 15. Qf3
Bxf3 16. gxf3 exd4 17. cxd4 Bb4+ 18. Ke2 Ng3+ 19. Kf2 Nxh1+ 0-1

[Event "Retorno de Jedi"]
[Site "http://www.queenalice.com/game.php?id=470973"]
[Date "2008.10.1"]
[Round "-"]
[White "Adriano_Pereira"]
[Black "ZZZZ"]
[Result "1-0"]
[WhiteElo "1466"]
[BlackElo "1675"]

1. e4 e5 2. Qh5 g6 3. Qxe5+ Qe7 4. Qxh8 Qxe4+ 5. Kd1 Qg4+ 6. f3 Qh5 7. Qxg8 Qh6
8. Bc4 d5 9. Bxd5 Qg7 10. Qxg7 Bxg7 11. Nh3 c6 12. Re1+ Kf8 13. Bc4 b5 14. b3
bxc4 15. Ba3+ Kg8 16. Re8+ Bf8 17. Rxf8+ Kg7 18. Rxc8 Kf6 19. bxc4 Ke6 20. Ng5+
Kd7 21. Rh8 a5 22. Nxf7 h5 23. Bd6 Ke6 24. Rf8 Ra7 25. Bxb8 Rxf7 26. Rxf7 Kxf7
27. Nc3 Kf6 28. Ke2 Kf5 29. Rb1 g5 30. Rb6 h4 31. Rxc6 1-0

[Event "Depois da bobeira..."]
[Site "http://www.queenalice.com/game.php?id=477167"]
[Date "2008.10.14"]
[Round "-"]
[White "ZZZZ"]
[Black "Adriano_Pereira"]
[Result "1-0"]
[WhiteElo "1677"]
[BlackElo "1490"]

1. e4 e5 2. Nf3 d5 3. Nxe5 f6 4. Qh5+ g6 5. Nxg6 Bg4 6. Qxg4 hxg6 7. Qxg6+ Ke7
8. e5 fxe5 9. Qg5+ Kd7 10. Qxe5 c6 11. Qxh8 Qe8+ 12. Be2 Nh6 13. Qh7+ Ke6 14.
Qxb7 Nd7 15. Qxc6+ Bd6 16. d4 Rc8 17. Qa4 Qg6 18. O-O Rg8 19. g3 Qe4 20. Re1 Nf5
21. f3 Qxd4+ 22. Qxd4 Nxd4 23. Bb5+ Be5 24. Bxd7+ Kxd7 25. Rxe5 Nxc2 26. Rxd5+
Kc6 27. Rd1 Nxa1 28. Na3 Re8 29. Bd2 Re2 30. h4 Re5 31. Rxa1 Re2 32. Rc1+ Kd5
33. Bc3 1-0